00358nam a2200109Ia 450000500170000000800410001710000420005824501170010026000090021730000110022665000110023720260328104327.0260328s9999||||xx |||||||||||||| ||und|| aComité Nacional Mexicana del Icomos 0aConservación del Patrimonio monumental.Quince Años de experiencias /cComité Nacional Mexicana del Icomos bINAH a111 p. aMEXICO